Регионална библиотека "Любен Каравелов" - Русе

Вечният другар (Запис номер 140629)

MARC детайли
000 -Лидер
Контролно поле с фиксирана дължина 01404nam a2200337 c 4500
003 - Код на организацията, давaща контролен номер
Контролно поле BLK
005 - Дата и час на последна редакция
Контролно поле 20230425152522.0
008 - Елементи от данни с фиксирана дължина
fixed length control field 180409b bul|||||r ||||||| ||bul||
010 ## - Наследен системен номер
LC control number KNG00146696000
040 ## - Източник на каталожния запис
Идентификатор на билиотеката - собственик на записа BLK
041 ## - Код за език
Код за езика на текст/звукозапис или на отделно заглавие Български
Код за езика КДБФ Български
080 ## - УДК
Текстов определител УДК Българска литература
УДК код - определител по УДК 821.163.2
УДК определител -93-32
УДК - код + определител 821.163.2-93-32
100 1# - Редна дума - Автор
Автор Калчев, Камен
Авторска отговорност първи автор
Автор - информация (биография) Калчев, Петър Митев
R(LIN) 367490
139 ## - Редно поле
Редна дума Калчев, Камен
Авторски знак Калч - К 20
245 10 - Сведения за заглавието
Заглавие Вечният другар
Подзаглавни данни Разказ за деца
Редно поле (дума) Камен Калчев; ил. Кою Денчев; * Петър Митев Калчев.
250 ## - Област на изданието
Сведения за изданието 2. изд.
257 ## - Страна на издаване
Страна на създаване/издаване България
260 ## - Област на издателските данни
-- София
Име на издателя, разпространителя и проч. Бълг. художник
Година на издаване 1968
300 ## - Физическа характеристика
Страници 16 с.
Илюстрации и др. с ил.
Размери/Мащаб 28 см
380 ## - Жанр
Жанр Детска худож. лит.
500 ## - Общи забележки
Забележка Истинското име на авт. е Петър Митев Калчев. - 1. изд. 1950. - Кор. опис. - 50 100 тир.
653 ## - Ключова дума – ненормативна
Ключова дума детска литература
653 ## - Ключова дума – ненормативна
Ключова дума литература за деца
700 1# - Други автори (авторска отговорност)
Лично име Денчев, Кою
Пълна форма на името Станчев, Кою Денчев
9 (RLIN) 379198
700 1# - Други автори (авторска отговорност)
Лично име Калчев, Петър Митев
Автороска отговорност (Описва отношението между автора и произведението) *
9 (RLIN) 317810
852 ## - Местоположение
Форматна сигнатура Цб ІІ 18351
856 4# - Електронен адрес и достъп
Електронен формат pdf - файл
Път до файла /url/
856 4# - Електронен адрес и достъп
Електронен формат pdf - файл
Път до файла /url/
942 ## - АРТИКУЛИ
Вид на библиотечния материал Книги
Скрит в OPAC Не
944 ## - СЪЗДАВАНЕ И РЕДАКЦИЯ на ЗАПИСА
Създаване/Редакция Създаване
Дата на регистрацията/редакция 19.07.2013
Статус, дата на статуса 19.07.2013 - от С1,Р / 19.07.2013
Служител, извършил регистрацията/редакцията Радинела_Гицова
944 ## - СЪЗДАВАНЕ И РЕДАКЦИЯ на ЗАПИСА
Създаване/Редакция Редакция
Дата на регистрацията/редакция 19.07.2013
Статус, дата на статуса 19.07.2013 - от С1,Р / 19.07.2013
Служител, извършил регистрацията/редакцията
999 ## - СИСТЕМНИ КОНТРОЛНИ НОМЕРА
Koha biblionumber 140629
Koha biblioitemnumber 140629
Наличности
Код за отписване Код за изгубен артикул Източник на класификационната схема Код за повреда Коз за рестрикции Код за отдаване Артикулен № Име на библиотеката - собственик Име на библиотеката, в която се намира в момента Статус (Текущо местоположение) Дата на вписване в системата Местоположение - отдел Цена в лева Инвентарен номер Систематично азбучна сигнатура Баркод Номер на екземпляра Цена в евро Служебна бележка Служебен тип на артикула
  Не е изгубен Universal Decimal Classification Не е повреден само за читалня ползва се в читалня 230829 Регионална библиотека "Любен Каравелов" Русе Регионална библиотека "Любен Каравелов" Русе Хранилище 1968-01-01 Хранилище 0.18 9640/68 Цб ІІ 18351 900000038118 1 0.09 N: стар фонд Дата: 01.01.1968 Книги
Изтеглен Не е изгубен Universal Decimal Classification Не е повреден без рестрикции заемане за дома 230830 Регионална библиотека "Любен Каравелов" Русе Регионална библиотека "Любен Каравелов" Русе Детски отдел 1968-01-01 Детски отдел 0.18 51688 ДХ 886.7/К 20 51688 2 0.09 N: стар фонд Дата: 01.01.1968 Дата инв: 02.09.2015 Бележки инв: Д2015 Книги
Изтеглен Не е изгубен Universal Decimal Classification Не е повреден без рестрикции заемане за дома 230831 Регионална библиотека "Любен Каравелов" Русе Регионална библиотека "Любен Каравелов" Русе Детски отдел 1968-01-01 Детски отдел 0.18 10177/68 ДХ 886.7/К 20 10177/68 3 0.09 N: стар фонд Дата: 01.01.1968 Дата инв: 27.08.2015 Бележки инв: Д2015 Книги
Vip Innovations Ltd, Rousse, Bulgaria 2025